Quizzes
Events
Quiz Creation
Community
Videos
Private Events
Remove Ads
Sign In
Join for FREE
Feedback
Dark Mode
Quiz Categories
Sports
Geography
Music
Movies
Television
Just For Fun
Miscellaneous
History
Literature
Language
Science
Gaming
Entertainment
Religion
Holiday
For Kids
Quiz Lab
Recent
Popular Today
Quiz Kudos Today
Editor Picks
Curator Picks
Quizzes by...
Day
Popularity
Type
Ratings
Length
Year
Community
Subscriptions
Recent Discussions
Orange Saloon
Badges
Playlists
Quests
Create
Leaderboards
Showdown
Live 5
Trivia Bingo
Activity
Puzzle Library
Sporcle Events
Private Events
Virtual Trivia
Globe League
Become a Host
Pub Owners
SporcleCon
Opinionation
Our Games
Videos
Blog
Mobile Apps
Partnerships
Remove Ads and Go Orange
Feedback
Just For Fun
Clickable
Get the Picture
Humor
Quick Pick
Word Ladder
Missing Word
Mixed Word
Blitz
Minefield
This or That
Alphabet
Color
Typing
Sporcle
Puzzle
Word Play
Follow That Line
Logic
Just For Fun
Clickable
Get the Picture
Humor
Quick Pick
Word Ladder
Missing Word
Mixed Word
Blitz
Minefield
This or That
Alphabet
Color
Typing
Sporcle
Puzzle
Word Play
Follow That Line
Logic
Random Quiz
Search Sporcle
×
Quiz Lab
Quiz Lab
Just For Fun
Kpop
Type in answers that appear in a list
Type in answers that appear in a list
Classic
Best Score? Go Orange.
Guess the Kpop Idols Birthday / November Stats
Can you name the Guess the Kpop Idols Birthday / November?
By
a_song_4_yoo_rin
8m
18 Questions
322 Plays
322 Plays
322 Plays
Comments
Comments
Give Quiz Kudos
Give Quiz Kudos
-
- Ratings
hide this ad
Replay
Link that replays current quiz
Next Quiz
Link to next quiz in quiz playlist
You Got
0%
They Got
Avg Score
58%
Avg Friend Score
Upgrade to see
Score Distribution
Jump to the score distribution portion of the page
Score
0/18
Timer
08:00
0
Plays Today
Groups / Birthdates
Idols
% Correct
Big Bang ( 4 November )
T.O.P
91.6%
2NE1 ( 12 November )
Dara
84.8%
MBLAQ ( 6 November )
G.O
82.6%
Teen Top ( 4 November )
C.A.P
78.3%
U-
Kiss ( 29 November )
Kevin
76.4%
Teen Top ( 23 November )
L. Joe
76.1%
Brown Eyed Girls ( 2 November )
Miryo
71.4%
Infinite ( 22 November )
Dongwoo
69.6%
Teen Top ( 16 November )
Changjo
68.6%
Groups / Birthdates
Idols
% Correct
B1A4 ( 18 November )
Jinyoung
64.6%
F.T Island ( 11 November )
Minhwan
58.1%
SS501 ( 3 November )
Youngsaeng
46.9%
Girl's Day ( 6 November )
Yura
44.7%
ZE:A ( 16 November )
Hyungshik
36.6%
My Name ( 20 November )
Seyong
34.2%
RaNia ( 15 November)
Xia
25.8%
X-
5 ( 30 November )
Ghun
22.7%
N-
Train ( 27 November )
Jungkyun
11.2%
Quiz Playlist
Details
Report
Send in Message
Add To Playlist
Classic:
Type in answers that appear in a list
Last Updated: Feb 16, 2017
Quiz Scoreboard
CHALLENGE
Sign Up to Join the Scoreboard
Show All
Scores
Hide
Comments
May contain spoilers
Recently Published
An Introduction to Baseball
by treessimontrees
Sports
5m
Movies - When Are They Set?
by FPL_Elf
Movies
5m
Popular People in 1961
by mucciniale
History
6m
More to Explore
Quiz From the Vault
Featured Blog Post
Where Did the Easter Bunny Come From?
hide this ad
You Might Also Like...
Tags
Kpop Quiz
Birthday
birthmate
group
idol
November
Today's Top Quizzes in Just For Fun
Browse Just For Fun
hide this ad
Today's Top Quizzes in Kpop
Browse Kpop
Top Contributed Quizzes in Just For Fun
1
Crossword Whiteout! 49
2
Harry Potter Logic - 'In Chains' II
3
Killer Double Trees 224 - Colour Match-Up
4
Survivor Winners Logic Puzzle
5
Zeroing In: Just For Fun
6
Word Ladder: Ahoy Matey
7
Thermometer Puzzle 25
8
Aquarium Logic Puzzle 17
9
Edinburgh Fringe jokes 2015
10
Big Thermometer Puzzle 21
Explore More
Trending Topics
Anime
Disney
Harry Potter
Marvel
Crossword
NBA
Kpop
Country
NFL
Pokémon
WWE
Song
The Office
Soccer
Puzzle
hide this ad
More By:
a_song_4_yoo_rin
Quiz
Plays
Rating
Category
Featured
Created
Guess the Kpop A-Z
10,068
2.67
Music
Sep 18, 2011
Guess the Kpop Leaders (Clickable)
3,821
3.38
Music
Jul 14, 2012
Guess The Kpop A-Z 5
2,447
2.13
Music
Jun 5, 2012
Guess the Kpop Unscrambled Songs ( Boy Groups)
2,305
2.00
Music
Apr 22, 2012
Guess the Kpop Fanclub
1,936
2.44
Just For Fun
Dec 8, 2011
Go to Creator's Profile
Score Distribution
Quiz Creator Spotlight
a_song_4_yoo_rin
Follow
Send a Message
Quizzes Created
-
Created Quiz Play Count
-
More By This Creator
Popular Quizzes Today
1
Find the Countries of Europe - No Outlines Minefield
2
Find the US States - No Outlines Minefield
3
The Countries of the World
4
Popular People in 1961
5
US States
6
Find the US States
7
1-10 Letter E Words III
8
Risky Map Clicking: Biggest States A-Z
More Just For Fun Quizzes
Famous... with a Hard Hat
Published
Trending Quizzes
Risky Map Clicking: Least Populous States A-Z
1-10 Letter F Words
1-10 Letter G Words
Not Quite an Element Typing Challenge
One Thing in Common: United Kingdom
Recently Updated
Leaping Animals
pecheneg
Reality TV Shows (A-Z)
bhenderson79
Rickey Henderson's Hall of Fame Teammates
pecheneg
Champions League XIs: Arsenal
pecheneg
Quick Pick: Celebrities in WWE's Hall of Fame
aduchscher
A-Z Keypad Blitz II
pecheneg
Multiple Oscar Actors
pecheneg
Mystery Phrase Blitz: Oscar 'Best Actors'
pecheneg
F. Scott Fitzgerald Novels
LTH
Pick 3 Villains
ddd62291
Trending Topics
Crossword
Disney
Marvel
Kpop
Harry Potter
NBA
Anime
WWE
Puzzle
NFL
Pokémon
Country
Soccer
Song
The Office
Your Account Isn't Verified!
In order to create a playlist on Sporcle, you need to verify the email address you used during registration. Go to your
Sporcle Settings
to finish the process.
Report this User
Report this user for behavior that violates our
Community Guidelines
.
Details:
Send Report
Go to the Sporcle.com Mobile Site →
Comments